000 00534nam a2200193Ia 4500
003 LK-CoDNM
005 20240730123134.0
008 010623t1947 xxu||||| |||| 00| 1 eng d
040 _aLK-CoDNM
_dLK-CoDNM
_eLK-CoDNM
041 _aeng
080 _a8
_bHH44
100 _aBrunner,E.D.S.
245 _aFarmers of the world : The Development of Agricultural Extension
260 _bColumbia University Press
_aNew York
_c1947
300 _bxiii, 208p. : 23 cm
700 _aEnsminger,D.
700 _aSanderes,I.T.
942 _cBK
999 _c101023
_d101023